La neurastenia y los trabajos mentales (Record no. 148640)

MARC details
000 -LEADER
campo de control de longitud fija 00593nam a2200181 4500
001 - NÚMERO DE CONTROL
campo de control 148640
003 - IDENTIFICADOR DE NÚMERO DE CONTROL
campo de control ES-MaACL
005 - FECHA Y HORA DE LA ÚLTIMA TRANSACCIÓN
campo de control 20230906202736.0
007 - CAMPO FIJO DE DESCRIPCIÓN FÍSICA--INFORMACIÓN GENERAL
campo de control de longitud fija t|
008 - DATOS DE LONGITUD FIJA--INFORMACIÓN GENERAL
campo de control de longitud fija 070214s1908 sp r ||||1| spa d
100 1# - ENTRADA PRINCIPAL--NOMBRE DE PERSONA
Nombre de persona Suárez de Figueroa y Cazeaux, José.
9 (RLIN) 108606
245 13 - MENCIÓN DEL TÍTULO
Título La neurastenia y los trabajos mentales
Resto del título : tesis de doctorado /
Mención de responsabilidad, etc. de José Suárez- Figueroa Cazeaux.
260 ## - PUBLICACIÓN, DISTRIBUCIÓN, ETC.
Lugar de publicación, distribución, etc. Tortosa :
Nombre del editor, distribuidor, etc. [s. n.],
Fecha de publicación, distribución, etc. 1908 (
Fabricante Imp. Sucesores de L. Bernis)
300 ## - DESCRIPCIÓN FÍSICA
Extensión 52 p. ;
Dimensiones 24 cm.
650 #4 - PUNTO DE ACCESO ADICIONAL DE MATERIA--TÉRMINO DE MATERIA
Término de materia o nombre geográfico como elemento de entrada Neurastenia.
9 (RLIN) 138915
852 ## - LOCALIZACIÓN
Ubicación ES-MaACL
Número de control de estantería T-1132-F-13
852 1# - LOCALIZACIÓN
Ubicación BA
Número de control de estantería T-150 bis-F-11
Holdings
Estatus retirado Estado de pérdida Estado de daño No para préstamo Colección Biblioteca de origen Biblioteca actual Ubicación en estantería Fecha de adquisición Fuente de adquisición Total de préstamos Signatura topográfica completa Código de barras Visto por última vez Precio de reemplazo Tipo de ítem Koha
        Colección de folletos Biblioteca del Ateneo de Madrid Biblioteca del Ateneo de Madrid Depósito folletos 17/01/2008     T-1132-F-13 1155114 23/02/2023 23/02/2023 Folleto